00679 2200229 4500001002100000005001500021035002000036007000300056008004100059020001800100082001300118084001900131100002900150245012000179250001100299260004000310300003400350650002800384700001800412990000900430990001000439INLIS00000000001083420220615014534 a0010-0322000013ta220615 g 0 ind  a9789793931999 a610.7301 a610.7301 AMB b0 aAMBARWATI, Fitri Respati1 aBuku Pintar : Asuhan Keperawatan Kesehatan Jiwa /cFitri Respati Ambarwati, SKM, M.Kes dan Nita Nasution, S.Kep.Nes aCet. 1 aYogyakarta :bCakrawala Ilmu,c2015 aviii, 188 hlm ;c13 x 20.2 cm 4aKeperawatan -Kedokteran0 aNita Nasution a5957 a5957A